Library of the University of Algiers 3
Ibrahim Sultan Cheibout
شعار جامعة الجزائر 3
مكتبة جامعة الجزائر 3
إبراهيم سلطان شيبوط

العمليات المصرفية الخارجية / (رقم التسجيلة. 46173)

تفاصيل مارك
000 -LEADER
fixed length control field 01007nam a2200217Ia 4500
003 - CONTROL NUMBER IDENTIFIER
control field Ost
005 - DATE AND TIME OF LATEST TRANSACTION
control field 20260507075743.0
008 - FIXED-LENGTH DATA ELEMENTS--GENERAL INFORMATION
fixed length control field 260507s9999||||xx |||||||||||||| ||und||
040 ## - CATALOGING SOURCE
Transcribing agency fsecg
041 ## - LANGUAGE CODE
Language code of text/sound track or separate title ara
082 ## - DEWEY DECIMAL CLASSIFICATION NUMBER
Classification number 330
100 ## - MAIN ENTRY--PERSONAL NAME
Personal name الراوي، خالد وهيب
Relator term مؤلف
245 #0 - TITLE STATEMENT
Title العمليات المصرفية الخارجية /
Statement of responsibility, etc. خالد وهيب الراوي
250 ## - EDITION STATEMENT
Edition statement طبعة 2
260 ## - PUBLICATION, DISTRIBUTION, ETC.
Place of publication, distribution, etc. عمان:
Name of publisher, distributor, etc. دار المناهج,
Date of publication, distribution, etc. 2000
300 ## - PHYSICAL DESCRIPTION
Extent 455 صفحة؛
Other physical details إيضاحات ؛
Dimensions 25 سم
520 ## - SUMMARY, ETC.
Summary, etc. طبيعة العمليات المصرفية الدولية- البطاقات البلاستيكية والبطاقة الذكية- التسويق المصرفي وتجزئة السوق- التحدي الدولي للمصارف- صندوق النقد الدولي والبنك الدولي- السحوبات المستندية- الخيارات.
653 ## - INDEX TERM--UNCONTROLLED
Uncontrolled term العمليات المصرفية
653 ## - INDEX TERM--UNCONTROLLED
Uncontrolled term المصارف الخارجية
942 ## - ADDED ENTRY ELEMENTS (KOHA)
Koha item type كتب
المقتنيات
Withdrawn status Lost status Source of classification or shelving scheme Damaged status Not for loan Home library Current library Date acquired Serial enumeration / chronology Inventory number Total checkouts Full call number Barcode Date last seen Price effective from Koha item type
    Library of Congress Classification   NOT LOAN / إعارة داخلية مكتبة كلية العلوم الإقتصادية والعلوم التجارية وعلوم التسيير مكتبة كلية العلوم الإقتصادية والعلوم التجارية وعلوم التسيير 07/05/2026 الطابق الأرضي 1335/1   أ/1335ن1 1335/1 07/05/2026 07/05/2026 كتب
    Dewey Decimal Classification   Available مكتبة كلية العلوم الإقتصادية والعلوم التجارية وعلوم التسيير مكتبة كلية العلوم الإقتصادية والعلوم التجارية وعلوم التسيير 07/05/2026 الطابق الثاني 1335/2   أ/1335ن2 1335/2 07/05/2026 07/05/2026 كتب

موارد الويب المفتوحة


© University of Algiers 3 All Rights Reserved
|
Implemented by LECHELAH Riad